000 00402nam a22001697a 4500
003 MPLRDC
005 20220104142533.0
008 210129b ||||| |||| 00| 0 eng d
082 _a870.57 SCF
100 _a施翠峰编译
245 _a世界文学选集. 三
_c
250 _a再版
260 _a
_b东方出版社
_c1964
300 _b
650 _a英文小说
942 _cBK
_o870.57 SCF
999 _c31683
_d31673